000 00500nam a22001697a 4500
005 20161206160008.0
010 _aENG-116760
020 _a817182093-X
_c95.00
035 _aEN-100292
037 _bDBAD/PUB
082 _a613.7046
245 _aYoga for better health /
_cby Bhagwan Dev
260 _aNew Delhi
_bDiamond Books
_c2015
270 _aX-30,Okhla Industrial Area, Phase-II
_bNew Delhi
_e110020
300 _a128p. :
_c22cm(pbk)
_bill
942 _2ddc
_cEN
_h613.7046
_mBHA
999 _c105002
_d105002